- Barco Rodríguez, Julia Margarita
Entry Nombre Personal
001 - NUMERO DE CONTROL
- campo de control: 50760
003 - IDENTIFICADOR DE NUMERO DE CONTROL
- campo de control: DLC
005 - FECHA Y HORA DE LA ÜLTIMA TRANSACCIÓN
- campo de control: 20240109141807.0
008 - DATOS DE LONGITUD FIJA
- campo de control de longitud fija: 220729nn acnnnaabn a aaa c
010 ## - NÚMERO DE CONTROL DE LA BIBLIOTECA DEL CONGRESO
- Número de control LC: no2022093362
035 ## - NUMERO DE CONTROL
- Número de control: (OCoLC)oca14697342
040 ## - FUENTE DE CATALOGACIÓN
- Agencia original de catalogación: NyNyDIG
- Lenguaje de catalogación: spa
- Description conventions: rda
- Agencia de transcripción: NyNyDIG
- Agencia que lo modifica: MX-MxUPN
100 1# - ENCABEZAMIENTO - NOMBRE PERSONAL
- Nombre personal: Barco Rodríguez, Julia Margarita
370 ## - LUGAR ASOCIADO
- Associated country: Colombia
- Place of residence/headquarters: Bogotá (Colombia)
- Fuente del término: naf
373 ## - GRUPO ASOCIADO
- Associated group: Universidad Pedagógica Nacional (Colombia)
- Fuente del término: naf
377 ## - LENGUA ASOCIADA
- Language code: spa
- Language code: eng
400 1# - VEÁSE - NOMBRE DE PERSONA
- Personal name: Rodríguez, Julia Margarita Barco
400 1# - VEÁSE - NOMBRE DE PERSONA
- Personal name: Barco, Julia Margarita
670 ## - FUENTE EN LA QUE SE LOCALIZARON DATOS
- Cita de la fuente: Entre líneas, trazos y visiones, 2015:
- Información localizada: portada (Julia Margarita Barco Rodríguez) Las autoras (master's in education, Universidad Javeriana; professor at the Facultad de Bellas Artes, Universidad Pedagógica Nacional)
670 ## - FUENTE EN LA QUE SE LOCALIZARON DATOS
- Cita de la fuente: Entre el qué y el cómo, 2021 :
- Información localizada: portada (Julia Margarita Barco Rodríguez)
902 ## - CATALOGADOR
- Catalogador: VíctorGodínez/090123
